| 000 | 01209nas a2200337 4500 | ||
|---|---|---|---|
| 001 | BR2013002897 | ||
| 003 | BR-BrBNA | ||
| 005 | 20231205122202.0 | ||
| 007 | ta | ||
| 008 | 230509b bl.|||p| |||| 00| 00por d | ||
| 040 |
_aBR-BrBNA _bpor _cBiblioteca Nacional de Agricultura |
||
| 041 | _a(Pt) | ||
| 072 | _aF04; F06 | ||
| 100 | 1 | _aGonçalves, F.M. | |
| 100 | 1 | _aGomes Filho, R.R. | |
| 100 | 1 | _aCarvalho, C.M. de | |
| 100 | 1 | _aFeitosa, H. de O. | |
| 100 | 1 | _aLeite, K. do N. | |
| 100 | 1 | _aSousa, A.E.C. | |
| 245 | 1 | _aNíveis de adubação orgânica para o cultivo da alface utilizando sistema de irrigação localizada por gravidade | |
| 246 | 1 | _aLevels organic fertilization of lettuce cultivar for using irrigation system located by gravity | |
| 650 | _aALFACE | ||
| 650 | _aADUBAÇÃO | ||
| 650 | _aADUBO ORGÂNICO | ||
| 650 | _aESTERCO DE GADO | ||
| 650 | _aIRRIGAÇÃO LOCALIZADA | ||
| 773 | 0 |
_tRevista Brasileira de Agricultura Irrigada (Brazil) _xISSN 1982-7679 _g(2010), v. 4(1) p. 3-13 _wBR2013002897 |
|
| 856 | 4 | 0 | _uhttp://www.inovagri.com.br/wp-content/uploads/2010/04/v.4-n.1-p.3-13_Gonçalves_et_al..pdf |
| 909 |
_a202311 _bLúcia _c55 _dLúcia Elande |
||
| 942 |
_2AGRIS _n0 _cANA |
||
| 999 |
_c227354 _d227354 |
||